| 000 | 01112cab a2200313 4500 | ||
|---|---|---|---|
| 001 | ABS59067 | ||
| 008 | 090401t1998 xxu||||| |||| 00| 0 eng d | ||
| 035 | _a(Sirsi) u87553 | ||
| 041 | _aeng | ||
| 100 | _aClark, R. | ||
| 245 | _aRainbow to mark the end? | ||
| 260 | _c1998 | ||
| 350 | _a0 | ||
| 490 |
_aEstates Gazette _v(9828) 11 July 1998, 110-111(2) |
||
| 520 | _aConsiders the position of the landlord with regard to a tenant`s breach of repairing covenant, following the court decisions in "Jervis v Harris" and "Rainbow Estates Ltd v Tokenhold Ltd" and, the Law Commission report "Landlord and Tenant: Responsibility for State and Condition of Property". | ||
| 650 | _aDAMAGES | ||
| 650 | _aFORFEITURE | ||
| 650 | _aJERVIS V HARRIS | ||
| 650 | _aLANDLORD AND TENANT ACT 1927 S18 | ||
| 650 | _aLANDLORDS | ||
| 650 | _aLEASEHOLD PROPERTY (REPAIRS) ACT 1938 | ||
| 650 | _aRAINBOW ESTATES LTD V TOKENHOLD LTD | ||
| 650 | _aREPAIRING COVENANTS | ||
| 650 | _aSPECIFIC PERFORMANCE | ||
| 650 | _aTENANTS | ||
| 690 | _aPROPERTY-LANDLORD AND TENANT | ||
| 942 | _n0 | ||
| 948 | _c22/07/1998 | ||
| 999 |
_c55239 _d55239 |
||